| Tag |
First Indicator |
Second Indicator |
Subfields |
| LEADER |
00000pam a2200000 a 4500 |
| 001 |
in00000086607 |
| 005 |
20151008064610.0 |
| 008 |
810721s1981 wauaf b s00110 engm |
| 010 |
|
|
|a 81051283
|
| 020 |
|
|
|a 0295958375 :
|c $17.95
|
| 035 |
|
|
|a (OCoLC)07671546
|
| 035 |
|
|
|9 AAK4468AM
|
| 039 |
0 |
|
|a 2
|b 3
|c 3
|d 3
|e 3
|
| 040 |
|
|
|a DLC
|c DLC
|d TXA
|d UtOrBLW
|
| 043 |
|
|
|a n-us-mt
|
| 049 |
|
|
|a TXAM
|c [1442068]
|
| 050 |
0 |
0 |
|a HD9506.U63
|b B875
|
| 082 |
0 |
|
|a 338.2/74/0978668
|2 19
|
| 100 |
1 |
|
|a Malone, Michael P.
|
| 245 |
1 |
4 |
|a The battle for Butte :
|b mining and politics on the northern frontier, 1864-1906 /
|c by Michael P. Malone.
|
| 264 |
|
1 |
|a Seattle :
|b University of Washington Press,
|c [1981]
|
| 264 |
|
4 |
|c ©1981
|
| 300 |
|
|
|a xiv, 281 pages, 24 unnumbered pages of plates :
|b illustrations, maps ;
|c 24 cm.
|
| 336 |
|
|
|a text
|b txt
|2 rdacontent
|
| 337 |
|
|
|a unmediated
|b n
|2 rdamedia
|
| 338 |
|
|
|a volume
|b nc
|2 rdacarrier
|
| 490 |
1 |
|
|a The Emil and Kathleen Sick lecture-book series in western history and biography
|
| 500 |
|
|
|a Includes index.
|
| 504 |
|
|
|a Bibliography: pages 257-272.
|
| 650 |
|
0 |
|a Mineral industries
|z Montana
|z Butte
|x History.
|
| 650 |
|
0 |
|a Mines and mineral resources
|z Montana
|z Butte
|x History.
|
| 651 |
|
0 |
|a Butte (Mont.)
|x Politics and government.
|
| 830 |
|
0 |
|a Emil and Kathleen Sick lecture-book series in western history and biography.
|
| 999 |
|
|
|a MARS
|
| 999 |
f |
f |
|s 3d3c6985-d6a9-3f0c-8ace-545075ce7672
|i 5a452a42-f35b-39f9-9572-6e4c802421bc
|t 0
|
| 952 |
f |
f |
|p ric
|a Texas A&M University
|b Rellis Campus
|c Joint Library Facility
|d Remote Storage
|t 0
|e HD9506.U63 B875
|h Library of Congress classification
|i unmediated -- volume
|m A14806131018
|
| 998 |
f |
f |
|a HD9506.U63 B875
|t 0
|l Remote Storage
|